[Event "4NCL/Div3/3CS2 vs. CAMB1"]
[Site "Telford ENG"]
[Date "2005.02.27"]
[Round "6.2"]
[White "Mah, Karl C C"]
[Black "Adams, Phil"]
[Result "1-0"]
[WhiteElo "2425"]
[BlackElo "2120"]
[PlyCount "75"]
[EventDate "2005.02.27"]
[EventType "team"]
[EventRounds "11"]
[EventCountry "ENG"]
[SourceDate "2004.09.21"]

1. c4 Nf6 2. Nc3 e5 3. g3 Bb4 4. Bg2 O-O 5. Nf3 e4 6. Ng5 Bxc3 7. bxc3 Re8 8.
O-O h6 9. Nh3 d6 10. f3 Nc6 11. fxe4 Nxe4 12. Nf4 Bd7 13. d3 Nc5 14. e4 Qc8 15.
Nd5 Bg4 16. Qc2 Nd7 17. Qf2 Rf8 18. Ne3 Nde5 19. Nxg4 Qxg4 20. Qc2 Rab8 21. Be3
Qd7 22. Kh1 b6 23. Rf4 Ng6 24. Rf2 Nce5 25. h3 c5 26. Kh2 Rfc8 27. Bf1 a6 28.
a4 a5 29. Rb1 Rc7 30. Rb5 h5 31. d4 cxd4 32. cxd4 Nxc4 33. Bxc4 Qc8 34. Bxf7+
Rxf7 35. Qb3 Qd7 36. Rxh5 Kf8 37. Rxf7+ Qxf7 38. Rf5 1-0

[Event "4NCL/Div3/3CS2 vs. CAMB1"]
[Site "Telford ENG"]
[Date "2005.02.27"]
[Round "6.3"]
[White "Tompson, John C"]
[Black "Moskovic, David M"]
[Result "0-1"]
[WhiteElo "2081"]
[BlackElo "2284"]
[PlyCount "98"]
[EventDate "2005.02.27"]
[EventType "team"]
[EventRounds "11"]
[EventCountry "ENG"]
[SourceDate "2004.09.21"]

1. e4 c5 2. Nf3 d6 3. d4 cxd4 4. Nxd4 Nf6 5. Nc3 a6 6. Bc4 b5 7. Bb3 e6 8. Bg5
Be7 9. Qf3 Qb6 10. O-O-O Nbd7 11. Rhe1 Bb7 12. Bxe6 fxe6 13. Nxe6 Rg8 14. Nd5
Bxd5 15. exd5 Rc8 16. Qh3 Qxf2 17. Nd4 Nxd5 18. Bxe7 Qf4+ 19. Kb1 Nxe7 20.
Rxe7+ Kxe7 21. Qe6+ Kf8 22. Qxd7 Re8 23. g3 Qf6 24. b3 g6 25. Qxh7 Re7 26. Qh3
Kg7 27. c3 Rge8 28. Kb2 b4 29. Qg4 bxc3+ 30. Kxc3 Re4 31. Qd7+ R8e7 32. Qc8 Qf2
33. Qc4 Qxh2 34. Rf1 Qxg3+ 35. Kb4 Qe5 36. Kc3 Qc5 37. Qxc5 dxc5 38. Nc2 g5 39.
Rg1 Kg6 40. Na3 g4 41. Nc4 Kg5 42. Kd3 Rd4+ 43. Kc3 Rf4 44. Rd1 g3 45. Rd5+ Rf5
46. Rd8 Kf4 47. Nd6 Rg5 48. Rf8+ Kg4 49. Nf7 Rxf7 0-1

[Event "4NCL/Div3/3CS2 vs. CAMB1"]
[Site "Telford ENG"]
[Date "2005.02.27"]
[Round "6.4"]
[White "Conlon, Joe"]
[Black "Hickman, Alexander"]
[Result "1-0"]
[WhiteElo "2207"]
[BlackElo "2099"]
[PlyCount "127"]
[EventDate "2005.02.27"]
[EventType "team"]
[EventRounds "11"]
[EventCountry "ENG"]
[SourceDate "2004.09.21"]

1. e4 e6 2. d4 d5 3. Nc3 Bb4 4. e5 c5 5. a3 Bxc3+ 6. bxc3 Qc7 7. Qg4 f5 8. Qg3
cxd4 9. cxd4 Ne7 10. Bb5+ Nec6 11. c3 O-O 12. Ne2 Na5 13. O-O b6 14. Qf3 Ba6
15. Bxa6 Nxa6 16. h3 Rac8 17. g4 Nb8 18. Qe3 Nbc6 19. f4 Ne7 20. Kh2 Kh8 21.
Rg1 g6 22. Bd2 Nc4 23. Qd3 Nxd2 24. Qxd2 Qc4 25. Kg3 Qb3 {=} 26. Rgb1 Qc4 27.
g5 Nc6 28. h4 Kg7 29. h5 Na5 30. Qc2 Rh8 31. Kf2 Rhd8 32. Ke3 Rh8 33. Rh1 Qb3
34. Qxb3 Nxb3 35. Ra2 Na5 36. Kd3 Rc4 37. a4 Rhc8 38. Rh3 Nb3 39. Ra3 Na5 40.
Ra1 Rh8 41. Rah1 Rcc8 42. Nc1 Nc4 43. R1h2 h6 44. hxg6 hxg5 45. Rxh8 Rxh8 46.
Rxh8 Kxh8 47. fxg5 Kg7 {=} 48. Ne2 Kxg6 49. Nf4+ Kxg5 50. Nxe6+ Kg4 51. Nc7 f4
52. Nxd5 Nb2+ 53. Ke4 f3 54. Ne3+ Kg3 55. e6 f2 56. e7 Nc4 57. Nf1+ Kg2 58. Kd3
Nd6 59. Ke2 Kg1 60. Ne3 a6 61. c4 Ne8 62. a5 bxa5 63. c5 a4 64. Kd1 1-0

[Event "4NCL/Div3/3CS2 vs. CAMB1"]
[Site "Telford ENG"]
[Date "2005.02.27"]
[Round "6.5"]
[White "Wright, Jason"]
[Black "Churm, Rohan M"]
[Result "0-1"]
[WhiteElo "2062"]
[BlackElo "2178"]
[PlyCount "34"]
[EventDate "2005.02.27"]
[EventType "team"]
[EventRounds "11"]
[EventCountry "ENG"]
[SourceDate "2004.09.21"]

1. e4 e6 2. Nf3 d5 3. Nc3 Nf6 4. e5 Nfd7 5. d4 Be7 6. Bd3 c5 7. dxc5 Nc6 8. Bb5
a6 9. Bxc6 bxc6 10. b4 a5 11. Nd4 axb4 12. Nxc6 Qc7 13. Nxe7 Qxe5+ 14. Kf1 Ba6+
15. Kg1 Qxc3 16. Bd2 Qxc5 17. Bg5 Nf6 0-1

[Event "4NCL/Div3/3CS2 vs. CAMB1"]
[Site "Telford ENG"]
[Date "2005.02.27"]
[Round "6.6"]
[White "Garner, David"]
[Black "Hazlehurst, Cory"]
[Result "1-0"]
[WhiteElo "2191"]
[BlackElo "1960"]
[PlyCount "65"]
[EventDate "2005.02.27"]
[EventType "team"]
[EventRounds "11"]
[EventCountry "ENG"]
[SourceDate "2004.09.21"]

1. e4 d5 2. exd5 Nf6 3. Nf3 Nxd5 4. d4 Bg4 5. Be2 e6 6. O-O Be7 7. h3 Bh5 8.
Ne5 Bxe2 9. Qxe2 Nd7 10. Rd1 O-O 11. c4 N5f6 12. Nc3 Re8 13. Bf4 Nb6 14. Rd3
Qc8 15. Rad1 Bf8 16. Bg5 Nfd7 17. Bh4 c6 18. Rg3 Qc7 19. Ne4 Be7 20. Qg4 g6 21.
Bxe7 Rxe7 22. Qh4 Qd8 23. Ng4 Re8 24. Ngf6+ Nxf6 25. Nxf6+ Kf8 26. Qh6+ Ke7 27.
Nxe8 Qxe8 28. b3 Qh8 29. Qg5+ Ke8 30. Qe5 Qxe5 31. dxe5 a5 32. Rgd3 a4 33. f4
1-0

[Event "4NCL/Div3/3CS2 vs. CAMB1"]
[Site "Telford ENG"]
[Date "2005.02.27"]
[Round "6.7"]
[White "Lysons, John"]
[Black "Pickard, Charles"]
[Result "0-1"]
[WhiteElo "1960"]
[BlackElo "2155"]
[PlyCount "96"]
[EventDate "2005.02.27"]
[EventType "team"]
[EventRounds "11"]
[EventCountry "ENG"]
[SourceDate "2004.09.21"]

1. d4 Nf6 2. c4 g6 3. Nf3 Bg7 4. g3 O-O 5. Bg2 d6 6. O-O Nc6 7. Nc3 e5 8. dxe5
Nxe5 9. Nxe5 dxe5 10. Qxd8 Rxd8 11. Bg5 Rd4 12. Rad1 c6 13. Be3 Rxd1 14. Rxd1
Be6 15. b3 Bf8 16. Bg5 Kg7 17. Bxf6+ Kxf6 18. Ne4+ Kg7 19. Nd6 Bxd6 20. Rxd6
Kf8 21. Kf1 Ke7 22. Rd2 a5 23. a4 Ra6 24. Ke1 Rb6 25. Rd3 Bf5 26. e4 Be6 27.
Kd2 Rb4 28. Bf1 b5 29. axb5 cxb5 30. Re3 bxc4 31. bxc4 Kd6 32. Ra3 a4 33. Be2
Kc5 34. Bd1 Bd7 35. Be2 Rb2+ 36. Ke3 Kb4 37. Rd3 Rb3 38. Kd2 Rxd3+ 39. Bxd3 Be6
40. c5 Kxc5 41. Kc3 a3 42. f4 a2 43. Kb2 Kd4 44. Bc2 f6 45. fxe5 fxe5 46. h4 h6
47. g4 g5 48. hxg5 hxg5 0-1

[Event "4NCL/Div3/3CS2 vs. CAMB1"]
[Site "Telford ENG"]
[Date "2005.02.27"]
[Round "6.8"]
[White "Powell, Annie"]
[Black "Compston, Michael"]
[Result "1-0"]
[WhiteElo "2026"]
[BlackElo "1835"]
[PlyCount "125"]
[EventDate "2005.02.27"]
[EventType "team"]
[EventRounds "11"]
[EventCountry "ENG"]
[SourceDate "2004.09.21"]

1. e4 d5 2. exd5 Qxd5 3. Nc3 Qa5 4. d4 Nf6 5. Bc4 Bf5 6. Bd2 c6 7. Nf3 e6 8.
Qe2 Qc7 9. h3 Nbd7 10. O-O-O O-O-O 11. Bb3 h6 12. Ne5 Nxe5 13. dxe5 Nd5 14. f4
Be7 15. Ne4 Kb8 16. c4 Nb4 17. Bc3 Na6 18. Bc2 Bb4 19. Bd4 c5 20. Bf2 Qa5 21.
Kb1 Bg6 22. Nd6 Bxc2+ 23. Qxc2 Qc7 24. Rd3 Ba5 25. a3 Rhf8 26. Rhd1 Qc6 27. Bh4
f6 28. Qe2 g5 29. Bg3 f5 30. Qf3 Qxf3 31. Rxf3 Rd7 32. Rfd3 Rfd8 33. Kc2 Bc7
34. Nf7 Rxf7 35. Rxd8+ Bxd8 36. Rxd8+ Kc7 37. Rh8 Rg7 38. Rxh6 gxf4 39. Bxf4
Rxg2+ 40. Kb1 Kd7 41. Rh7+ Kc6 42. h4 Rg4 {=} 43. Bg5 f4 44. Rf7 Nb8 45. Rxf4
Rxf4 46. Bxf4 Nd7 47. Kc2 b5 48. b3 Nf8 49. Kd3 a6 50. Ke4 Kd7 51. h5 Ke7 52.
Kf3 Kf7 53. Ke4 Kg7 {=} 54. Kd3 Nd7 55. cxb5 axb5 56. a4 Nb6 57. axb5 Kf7 58.
Be3 Nd7 59. Ke4 Kg7 60. b6 Nxb6 61. Bxc5 Nd7 62. Be3 Kh7 63. b4 1-0

[Event "4NCL/Div3/PPA2 vs. WES2"]
[Site "Telford ENG"]
[Date "2005.02.27"]
[Round "6.1"]
[White "Young, Craig A"]
[Black "Pleasants, Allan J"]
[Result "1/2-1/2"]
[WhiteElo "2102"]
[BlackElo "2065"]
[PlyCount "55"]
[EventDate "2005.02.27"]
[EventType "team"]
[EventRounds "11"]
[EventCountry "ENG"]
[SourceDate "2004.09.21"]

1. d4 Nf6 2. Nf3 g6 3. c4 Bg7 4. Nc3 d6 5. e4 c6 6. Be2 Bg4 7. Be3 Qc7 8. Rc1
O-O 9. O-O Nbd7 10. Ne1 Bxe2 11. Qxe2 e5 12. d5 Rae8 13. Nd3 c5 14. a3 a6 15.
Kh1 h6 16. f3 Kh7 17. g4 Ng8 18. Rg1 Bf6 19. Qd2 Qd8 20. b4 b6 21. Ne2 Bg5 22.
Bxg5 Qxg5 23. Qxg5 hxg5 24. Rc2 Ne7 25. Rb2 Kh6 26. bxc5 dxc5 27. Ng3 Nc8 28.
a4 1/2-1/2

[Event "4NCL/Div3/PPA2 vs. WES2"]
[Site "Telford ENG"]
[Date "2005.02.27"]
[Round "6.2"]
[White "Rutter, Nicholas"]
[Black "Chavan, Anant"]
[Result "1-0"]
[WhiteElo "2136"]
[BlackElo "2131"]
[PlyCount "33"]
[EventDate "2005.02.27"]
[EventType "team"]
[EventRounds "11"]
[EventCountry "ENG"]
[SourceDate "2004.09.21"]

1. e4 e5 2. Nf3 f5 3. Nxe5 Qf6 4. Nc4 fxe4 5. Nc3 Qg6 6. Ne3 c6 7. d3 Bb4 8.
dxe4 Bxc3+ 9. bxc3 Qxe4 10. Bd3 Qe5 11. O-O Qxc3 12. Nc4 Qxa1 13. Re1+ Ne7 14.
Rxe7+ Kd8 15. Rxd7+ Kxd7 16. Bg6+ Ke7 17. Qd6# 1-0

[Event "4NCL/Div3/PPA2 vs. WES2"]
[Site "Telford ENG"]
[Date "2005.02.27"]
[Round "6.3"]
[White "Retallick, Lloyd"]
[Black "Pym, Thomas W"]
[Result "0-1"]
[WhiteElo "2115"]
[BlackElo "2050"]
[PlyCount "66"]
[EventDate "2005.02.27"]
[EventType "team"]
[EventRounds "11"]
[EventCountry "ENG"]
[SourceDate "2004.09.21"]

1. d4 Nf6 2. c4 c5 3. d5 b5 4. Nf3 g6 5. Qc2 bxc4 6. e4 d6 7. Bxc4 Bg7 8. Nc3
O-O 9. O-O Na6 10. h3 Nc7 11. Be3 Nd7 12. Rad1 Nb6 13. b3 Rb8 14. Qd2 Nxc4 15.
bxc4 Rb4 16. Bh6 Ba6 17. Rfe1 Na8 18. e5 Nb6 19. Bxg7 Kxg7 20. exd6 exd6 21.
Ne4 h6 22. Qc3+ f6 23. Nfg5 hxg5 24. Nxg5 Bc8 25. Re4 Rxc4 26. Rxc4 Nxc4 27.
Re1 Ne5 28. f4 fxg5 29. fxe5 dxe5 30. Rxe5 Qf6 31. Re7+ Rf7 32. Rxf7+ Kxf7 33.
Qxc5 Qb6 0-1

[Event "4NCL/Div3/PPA2 vs. WES2"]
[Site "Telford ENG"]
[Date "2005.02.27"]
[Round "6.4"]
[White "Gregory, Keith D"]
[Black "Bailey, Kevin"]
[Result "1/2-1/2"]
[WhiteElo "2099"]
[BlackElo "2135"]
[PlyCount "36"]
[EventDate "2005.02.27"]
[EventType "team"]
[EventRounds "11"]
[EventCountry "ENG"]
[SourceDate "2004.09.21"]

1. Nf3 d5 2. g3 Nf6 3. Bg2 Bg4 4. O-O Nbd7 5. d4 e6 6. Nbd2 Be7 7. c4 c6 8. b3
O-O 9. Bb2 a5 10. h3 Bh5 11. Ne5 Nxe5 12. dxe5 Nd7 13. g4 Bg6 14. f4 f5 15.
gxf5 Bxf5 16. cxd5 Bc5+ 17. Kh1 cxd5 18. e4 dxe4 1/2-1/2

[Event "4NCL/Div3/PPA2 vs. WES2"]
[Site "Telford ENG"]
[Date "2005.02.27"]
[Round "6.5"]
[White "Winfridsson, Ola"]
[Black "Clark, Ian C"]
[Result "1/2-1/2"]
[WhiteElo "2080"]
[BlackElo "2107"]
[PlyCount "130"]
[EventDate "2005.02.27"]
[EventType "team"]
[EventRounds "11"]
[EventCountry "ENG"]
[SourceDate "2004.09.21"]

1. d4 d5 2. c4 dxc4 3. Nf3 Nf6 4. Qa4+ Nbd7 5. Nc3 c6 6. Qxc4 e6 7. g3 Be7 8.
Bg2 Nb6 9. Qb3 Nbd5 10. O-O O-O 11. Ne5 Qb6 12. Nxd5 exd5 13. Qxb6 axb6 14. Bg5
h6 15. Bf4 Bf5 16. Rfd1 Ra6 17. a3 Rfa8 18. Rac1 b5 19. Nd3 Ra4 20. Nc5 Bxc5
21. Rxc5 b4 22. f3 Nd7 23. Rcc1 bxa3 24. bxa3 Rxa3 25. e4 Be6 26. Rb1 R8a7 27.
Bd6 R3a4 28. f4 dxe4 29. Bxe4 Bg4 30. Rd2 Nf6 31. Bg2 Bf5 32. Rbb2 Ra1+ 33. Kf2
Ne4+ 34. Bxe4 Bxe4 35. Bc5 {=} Ra8 36. Rxb7 Bd5 37. Rdb2 Rh1 38. Ke3 Re8+ 39.
Re7 Re1+ 40. Re2 Rxe2+ 41. Kxe2 Rb8 42. Kf2 Be6 43. f5 Bxf5 44. Re2 Be6 45. Kf3
Rb3+ 46. Kf4 Bd5 47. Rf2 Kh7 48. Ke5 Kg6 49. Kd6 Rb1 50. Kd7 Rd1 51. Ke7 Rg1
52. Bd6 Rg2 53. Rxg2 Bxg2 54. Kf8 Bh3 55. Kg8 Be6 56. Kh8 h5 57. Bf8 Kf5 58.
Kxg7 Ke4 59. Kh6 {=} Bg4 60. Bg7 Kf3 61. Be5 Kg2 62. h4 Kf3 63. Kg5 Ke4 64. Kf6
Be6 65. Kg5 Bg4 1/2-1/2

[Event "4NCL/Div3/PPA2 vs. WES2"]
[Site "Telford ENG"]
[Date "2005.02.27"]
[Round "6.6"]
[White "Ferrington, Nigel M"]
[Black "McCorry, Rob"]
[Result "1/2-1/2"]
[WhiteElo "2125"]
[BlackElo "2065"]
[PlyCount "62"]
[EventDate "2005.02.27"]
[EventType "team"]
[EventRounds "11"]
[EventCountry "ENG"]
[SourceDate "2004.09.21"]

1. e4 Nf6 2. e5 Nd5 3. d4 d6 4. c4 Nb6 5. exd6 cxd6 6. Nc3 g6 7. Bd3 Bg7 8. Be3
Nc6 9. Nge2 O-O 10. O-O e5 11. d5 Nb4 12. b3 Nxd3 13. Qxd3 f5 14. f4 Bd7 15.
Rac1 Kh8 16. fxe5 dxe5 17. c5 f4 18. cxb6 Bf5 19. Qd2 fxe3 20. Qxe3 Qxb6 21.
Qxb6 axb6 22. d6 Rfd8 23. Rcd1 Bf8 24. Ng3 Bxd6 25. Nce4 Bxe4 26. Nxe4 Bc5+ 27.
Nxc5 bxc5 28. Rxd8+ Rxd8 29. Rf7 Rd2 30. Rxb7 Rxa2 31. Re7 Rb2 1/2-1/2

[Event "4NCL/Div3/PPA2 vs. WES2"]
[Site "Telford ENG"]
[Date "2005.02.27"]
[Round "6.7"]
[White "Thompson, Ian P"]
[Black "Taylor, Phil"]
[Result "0-1"]
[WhiteElo "2055"]
[BlackElo "2058"]
[PlyCount "55"]
[EventDate "2005.02.27"]
[EventType "team"]
[EventRounds "11"]
[EventCountry "ENG"]
[SourceDate "2004.09.21"]

1. e4 c6 2. d4 d5 3. Nc3 dxe4 4. Nxe4 Bf5 5. Ng3 Bg6 6. h4 h6 7. h5 Bh7 8. Nf3
Nd7 9. Bd3 Bxd3 10. Qxd3 e6 11. Bd2 Qc7 12. Ne4 O-O-O 13. O-O-O Ngf6 14. Nxf6
Nxf6 15. Ne5 c5 16. Rh4 Rxd4 17. Rxd4 cxd4 18. Qxd4 Bc5 19. Qc4 Qxe5 20. Be3 b6
21. g3 Kb7 22. Bf4 Qe4 23. Rd7+ Ka8 24. Qxe4+ Nxe4 25. Rxf7 Bd4 26. Re7 Nxf2
27. Rxe6 Rd8 28. Re7 0-1

[Event "4NCL/Div3/PPA2 vs. WES2"]
[Site "Telford ENG"]
[Date "2005.02.27"]
[Round "6.8"]
[White "Khoo, Selina"]
[Black "Sirisena, Chantal"]
[Result "1/2-1/2"]
[WhiteElo "2073"]
[BlackElo "1923"]
[PlyCount "34"]
[EventDate "2005.02.27"]
[EventType "team"]
[EventRounds "11"]
[EventCountry "ENG"]
[SourceDate "2004.09.21"]

1. e4 c5 2. Nf3 e6 3. b3 Nc6 4. Bb2 a6 5. d4 cxd4 6. Nxd4 Nf6 7. Nd2 Bc5 8.
Nxc6 dxc6 9. Bd3 Bd4 10. Bxd4 Qxd4 11. O-O e5 12. Qf3 O-O 13. Rfe1 Re8 14. Nf1
Bg4 15. Qg3 Bh5 16. Nd2 Rad8 17. Qe3 Qxe3 1/2-1/2

[Event "4NCL/Div3/AD2 vs. SWD2"]
[Site "Telford ENG"]
[Date "2005.02.27"]
[Round "6.1"]
[White "Mangwengwende, John"]
[Black "Spice, Alan"]
[Result "0-1"]
[WhiteElo "2116"]
[BlackElo "2182"]
[PlyCount "82"]
[EventDate "2005.02.27"]
[EventType "team"]
[EventRounds "11"]
[EventCountry "ENG"]
[SourceDate "2004.09.21"]

1. e4 e6 2. d4 d5 3. e5 c5 4. Nf3 Nc6 5. c3 Qb6 6. Be2 cxd4 7. cxd4 Nh6 8. b3
Nf5 9. Bb2 Be7 10. O-O Bd7 11. a3 a5 12. Qd3 Na7 13. Re1 Bb5 14. Qd1 Nc6 15.
Bxb5 Qxb5 16. Nc3 Qb6 17. Na4 Qd8 18. Rc1 O-O 19. Nc5 Bxc5 20. Rxc5 Qd7 21. Qd3
a4 22. bxa4 Rxa4 23. g4 Nfe7 24. Ng5 Ng6 25. h4 Qe7 26. f4 h6 27. h5 hxg5 28.
hxg6 gxf4 29. gxf7+ Rxf7 30. Re2 Qh4 31. Rh2 Qxg4+ 32. Kf1 Qf5 33. Qb3 Ra8 34.
Rc3 f3 35. Qd1 g5 36. Bc1 g4 37. Qd2 Rh7 38. Rxh7 Qxh7 39. Qg5+ Qg7 40. Qh5
Nxd4 41. Bh6 Nf5 0-1

[Event "4NCL/Div3/AD2 vs. SWD2"]
[Site "Telford ENG"]
[Date "2005.02.27"]
[Round "6.2"]
[White "Trevelyan, John"]
[Black "Westwood, Richard D"]
[Result "1-0"]
[WhiteElo "2178"]
[BlackElo "2093"]
[PlyCount "105"]
[EventDate "2005.02.27"]
[EventType "team"]
[EventRounds "11"]
[EventCountry "ENG"]
[SourceDate "2004.09.21"]

1. d4 Nf6 2. c4 d6 3. Nf3 Nbd7 4. Nc3 g6 5. e4 e5 6. d5 Bg7 7. Bd3 O-O 8. h3
Nc5 9. Bc2 a5 10. Be3 b6 11. g4 h5 12. g5 Nh7 13. Qd2 f5 14. gxf6 Qxf6 15. Ng1
Ba6 16. b3 Rab8 17. a4 g5 18. O-O-O Kh8 19. Nge2 h4 20. Kb2 Rg8 21. Nc1 Nd7 22.
Rdg1 Bh6 23. Bd1 Ndf8 24. Bg4 Bc8 25. Nb5 Qe7 26. Ne2 Ng6 27. Na7 Bxg4 28. hxg4
Qg7 29. Nc6 Rbf8 30. Rf1 Ne7 31. Nxe7 Qxe7 32. f3 Rf6 33. Nc3 Rgf8 34. Qe2 R8f7
35. Bd2 Nf8 36. Nd1 Ng6 37. Ne3 Nf4 38. Qd1 Bf8 39. Nf5 Qd7 40. Rh2 c6 41. dxc6
Qxc6 42. Be3 Kh7 43. Qc2 Kg6 44. Bxf4 exf4 45. e5 Rxf5 46. e6 R7f6 47. Rd2 Bg7
48. Kb1 Qc5 49. gxf5+ Qxf5 50. Rxd6 Qxc2+ 51. Kxc2 Kf5 52. e7 Rxd6 53. e8=Q 1-0

[Event "4NCL/Div3/AD2 vs. SWD2"]
[Site "Telford ENG"]
[Date "2005.02.27"]
[Round "6.3"]
[White "Pohribnyj, Chris"]
[Black "Brown, Alan M"]
[Result "0-1"]
[WhiteElo "1972"]
[BlackElo "2136"]
[PlyCount "72"]
[EventDate "2005.02.27"]
[EventType "team"]
[EventRounds "11"]
[EventCountry "ENG"]
[SourceDate "2004.09.21"]

1. d4 Nf6 2. c4 e6 3. Nc3 Bb4 4. Nf3 c5 5. e3 O-O 6. Bd3 d5 7. O-O Nc6 8. a3
cxd4 9. exd4 dxc4 10. Bxc4 Be7 11. d5 exd5 12. Nxd5 Nxd5 13. Bxd5 Bf6 14. Be4
h6 15. h3 Be6 16. Rb1 Bc4 17. Re1 Qxd1 18. Rxd1 Rfe8 19. Bxc6 bxc6 20. Re1 Bd3
21. Ra1 a6 22. Ra2 Bc4 23. Ra1 Rxe1+ 24. Nxe1 Rd8 25. Be3 Bxb2 26. Rb1 Bxa3 27.
Kh2 Bd6+ 28. g3 Be5 29. Nf3 Bf6 30. Rb4 Bb5 31. Rg4 Be2 32. Kg2 Rd3 33. Ra4 Rd1
34. Nd4 Bf1+ 35. Kh2 c5 36. Nb3 Bb5 0-1

[Event "4NCL/Div3/AD2 vs. SWD2"]
[Site "Telford ENG"]
[Date "2005.02.27"]
[Round "6.4"]
[White "May, Frank"]
[Black "Graham, Nick"]
[Result "1-0"]
[WhiteElo "2144"]
[BlackElo "2000"]
[PlyCount "68"]
[EventDate "2005.02.27"]
[EventType "team"]
[EventRounds "11"]
[EventCountry "ENG"]
[SourceDate "2004.09.21"]

1. d4 d5 2. c4 c6 3. cxd5 cxd5 4. Bf4 Nf6 5. e3 Qb6 6. Nc3 Qxb2 7. Bb5+ Nc6 8.
Nge2 g6 9. O-O Qa3 10. Be5 Be6 11. Rc1 Rc8 12. Nf4 a6 13. Ba4 Bg7 14. Bxf6 exf6
15. Bb3 O-O 16. Ncxd5 Bxd5 17. Nxd5 f5 18. Rc5 Rfd8 19. Nb6 Qxc5 20. dxc5 Rxd1
21. Rxd1 Rd8 22. Rxd8+ Nxd8 23. Nd7 Bc3 24. Kf1 Bb4 25. Bd5 a5 26. Ke2 Ne6 27.
Bxe6 fxe6 28. Kd3 Kf7 29. Kc4 Ke7 30. Ne5 Kd8 31. Kb5 Kc7 32. a4 g5 33. Nc4 h5
34. Nxa5 h4 1-0

[Event "4NCL/Div3/AD2 vs. SWD2"]
[Site "Telford ENG"]
[Date "2005.02.27"]
[Round "6.5"]
[White "Pritchard, David"]
[Black "Sully, David"]
[Result "1/2-1/2"]
[WhiteElo "1965"]
[BlackElo "2130"]
[PlyCount "64"]
[EventDate "2005.02.27"]
[EventType "team"]
[EventRounds "11"]
[EventCountry "ENG"]
[SourceDate "2004.09.21"]

1. d4 e6 2. Nf3 d5 3. e3 c5 4. b3 cxd4 5. exd4 Nf6 6. Bd3 Nc6 7. a3 Bd6 8. Qe2
O-O 9. O-O b6 10. Bb2 Bb7 11. Ne5 Ne7 12. Nd2 Ng6 13. g3 Rc8 14. f4 Qe7 15. h4
Rfd8 16. Rf2 Nf8 17. h5 N6d7 18. Ndf3 f6 19. Ng4 f5 20. Nge5 Nf6 21. Ng5 Bxe5
22. dxe5 Ng4 23. Rg2 d4 24. Nf3 Qd7 25. Nxd4 Bxg2 26. Kxg2 Qb7+ 27. Qf3 Ne3+
28. Kf2 Qxf3+ 29. Kxf3 Nd5 30. Nb5 a6 31. Nd6 Rc7 32. Bd4 Nd7 1/2-1/2

[Event "4NCL/Div3/AD2 vs. SWD2"]
[Site "Telford ENG"]
[Date "2005.02.27"]
[Round "6.6"]
[White "Adams, Mark A"]
[Black "Wilcox, Steven R"]
[Result "1-0"]
[WhiteElo "2001"]
[BlackElo "1920"]
[PlyCount "83"]
[EventDate "2005.02.27"]
[EventType "team"]
[EventRounds "11"]
[EventCountry "ENG"]
[SourceDate "2004.09.21"]

1. e4 e5 2. Nf3 f5 3. Nxe5 Qf6 4. d4 d6 5. Nc4 fxe4 6. Nc3 Qg6 7. Ne3 c6 8. d5
Nf6 9. dxc6 bxc6 10. Ne2 d5 11. c4 Bb4+ 12. Bd2 Bxd2+ 13. Qxd2 O-O 14. cxd5 Bg4
15. h3 Bxe2 16. Bxe2 Rd8 17. Qa5 Qe8 18. Rd1 cxd5 19. Nxd5 Nc6 20. Nxf6+ gxf6
21. Rxd8 Rxd8 22. Qc3 Nd4 23. Bd1 Qb5 24. h4 Qf5 25. Rh3 Nf3+ 26. Bxf3 exf3 27.
Rg3+ Kh8 28. Rxf3 Qb1+ 29. Ke2 Qd1+ 30. Ke3 Re8+ 31. Kf4 Qd6+ 32. Kg4 Re4+ 33.
Kh3 Qe6+ 34. Kh2 Qd6+ 35. g3 Rxh4+ 36. Kg2 Rh6 37. Qe3 Kg7 38. Qxa7+ Kg6 39.
Qe3 Qc6 40. Qb3 Qc1 41. Qg8+ Kh5 42. Rf5+ 1-0

[Event "4NCL/Div3/AD2 vs. SWD2"]
[Site "Telford ENG"]
[Date "2005.02.27"]
[Round "6.7"]
[White "Graham, Louis"]
[Black "Miles, Richard"]
[Result "0-1"]
[WhiteElo "1920"]
[BlackElo "2045"]
[PlyCount "68"]
[EventDate "2005.02.27"]
[EventType "team"]
[EventRounds "11"]
[EventCountry "ENG"]
[SourceDate "2004.09.21"]

1. d4 Nf6 2. Nf3 g6 3. Nc3 d5 4. Bf4 Bg7 5. e3 O-O 6. Be2 Bg4 7. Ne5 Bxe2 8.
Qxe2 c6 9. O-O Nfd7 10. Nxd7 Nxd7 11. Rfd1 f6 12. e4 e5 13. dxe5 fxe5 14. Bg3
d4 15. Nb1 Qe7 16. Nd2 Rac8 17. Nf3 Bf6 18. Rac1 a6 19. c3 c5 20. Rc2 b5 21.
Rdc1 c4 22. cxd4 exd4 23. Rd2 d3 24. Qe3 Qc5 25. Qxc5 Nxc5 26. e5 Bg7 27. Re1
Ne6 28. Bh4 Bh6 29. Rdd1 Rf7 30. Nd2 Bxd2 31. Rxd2 Rd7 32. f3 b4 33. Rdd1 c3
34. bxc3 bxc3 0-1

[Event "4NCL/Div3/AD2 vs. SWD2"]
[Site "Telford ENG"]
[Date "2005.02.27"]
[Round "6.8"]
[White "Wilson, Julie"]
[Black "Leary, Peter"]
[Result "1/2-1/2"]
[WhiteElo "1944"]
[BlackElo "1845"]
[PlyCount "82"]
[EventDate "2005.02.27"]
[EventType "team"]
[EventRounds "11"]
[EventCountry "ENG"]
[SourceDate "2004.09.21"]

1. d4 Nf6 2. c4 e6 3. Nf3 b6 4. Bf4 Bb7 5. Nc3 Bb4 6. Qb3 c5 7. dxc5 Bxc5 8. e3
Na6 9. Be2 O-O 10. O-O Ne4 11. a3 Qe7 12. Qc2 d5 13. Nxe4 dxe4 14. Nd2 f5 15.
b4 e5 16. bxc5 exf4 17. cxb6 fxe3 18. fxe3 Qg5 19. Rf4 Nc5 20. Qc3 Rad8 21. Rd1
axb6 22. Qe5 Nd3 23. Qe6+ Kh8 24. Bxd3 exd3 25. Nf3 Bxf3 26. Rxf3 Qh4 27. Rxf5
d2 28. Rxf8+ Rxf8 29. g3 Qd8 30. Qe4 Qf6 31. Qg2 Rd8 32. Qe2 Qc3 33. a4 h6 34.
e4 Rd3 35. Kg2 Qd4 36. Kf1 Qxc4 37. Kf2 Qd4+ 38. Kg2 Re3 39. Qxd2 Qxe4+ 40. Kf1
Qf3+ 41. Kg1 Re2 1/2-1/2

[Event "4NCL/Div3/PPA1 vs. ATH"]
[Site "Telford ENG"]
[Date "2005.02.27"]
[Round "6.1"]
[White "Swanson, Stephen"]
[Black "Roberts, Paul"]
[Result "1/2-1/2"]
[WhiteElo "2276"]
[BlackElo "2179"]
[PlyCount "44"]
[EventDate "2005.02.27"]
[EventType "team"]
[EventRounds "11"]
[EventCountry "ENG"]
[SourceDate "2004.09.21"]

1. e4 g6 2. d4 Bg7 3. Nc3 d6 4. Be2 a6 5. Nf3 Nd7 6. O-O e6 7. Re1 Ne7 8. Bf1
b6 9. Ne2 Bb7 10. Ng3 c5 11. c3 Qc7 12. h4 h5 13. Bg5 Rd8 14. Rc1 Nf6 15. b4 c4
16. a4 b5 17. Qc2 Ng4 18. Ra1 f6 19. Bc1 e5 20. Rd1 O-O 21. Ne1 d5 22. axb5
axb5 1/2-1/2

[Event "4NCL/Div3/PPA1 vs. ATH"]
[Site "Telford ENG"]
[Date "2005.02.27"]
[Round "6.2"]
[White "Johansson, Toni"]
[Black "Posazhennikov, Alex"]
[Result "1-0"]
[WhiteElo "2143"]
[BlackElo "2256"]
[PlyCount "77"]
[EventDate "2005.02.27"]
[EventType "team"]
[EventRounds "11"]
[EventCountry "ENG"]
[SourceDate "2004.09.21"]

1. c4 f5 2. g3 Nf6 3. Bg2 e5 4. d3 Bc5 5. e3 Qe7 6. Ne2 d6 7. Nbc3 O-O 8. O-O
c6 9. d4 Bb6 10. b4 Qf7 11. c5 Bc7 12. d5 Rd8 13. dxc6 Nxc6 14. cxd6 Bxd6 15.
b5 Na5 16. Ba3 Bc7 17. Qa4 Nc4 18. Rfd1 Rxd1+ 19. Rxd1 e4 20. Bf1 Ne5 21. Nf4
g5 22. Nfd5 Be6 23. b6 Nf3+ 24. Kg2 Nxd5 25. Nxd5 Be5 26. Bc4 Qh5 27. Nf6+ Bxf6
28. Bxe6+ Kg7 29. h3 Ne5 30. g4 fxg4 31. hxg4 Nxg4 32. Qd7+ Kh8 33. Bxg4 Qg6
34. Qxb7 Re8 35. bxa7 Qg8 36. Bf5 h5 37. Rd7 Bg7 38. Rxg7 Qxg7 39. Bb2 1-0